000 00299nam a22001337a 4500
020 _a978-8180860300
041 _aENG
100 _aAtre Acharya
245 _aKarheche Pani ( Khand-5 )
260 _aMubai
_bParchure Prakashan
_c2012
300 _a672
650 _aMarathi
856 _uMarathi ( 33 )
999 _c2247
_d2247